[Event "TUR Cup										"]
[Site "Antalya"]
[Date "2018.02.01"]
[Round "8"]
[White "Demirel, Muhammed Melih"]
[Black "Balci, Mesut Taner"]
[Result "0-1"]
[WhiteElo "1365"]
[BlackElo "1344"]
[PlyCount "46"]
[EventDate "2018.01.27"]
[EventType "swiss"]
[EventRounds "11"]
[EventCountry "TUR"]
[SourceTitle "CBM 182 Extra"]
[Source "ChessBase"]
[SourceDate "2018.02.23"]
[SourceVersion "1"]
[SourceVersionDate "2018.02.23"]
[SourceQuality "1"]

1. e4 Nf6 2. Nc3 e5 3. Nf3 d6 4. Bc4 Bg4 5. d3 Nc6 6. Be3 a6 7. Nd5 Na5 8. Nxf6+ gxf6 9. Qe2 Nxc4 10. dxc4 Qd7 11. 0-0-0 Qa4 12. a3 Be6 13. Nd2 f5 14. exf5 Bxf5 15. Nb3 Be6 16. Nd2 b5 17. Qf3 Rc8 18. cxb5 Qxb5 19. Nb1 d5 20. Qf6 Rg8 21. Qxe5 Bg7 22. Qh5 Bxb2+ 23. Kd2 Bg4 0-1

[Event "TUR Cup										"]
[Site "Antalya"]
[Date "2018.01.30"]
[Round "5"]
[White "Balci, Mesut Taner"]
[Black "Nay, Ali Dogan"]
[Result "1-0"]
[WhiteElo "1344"]
[BlackElo "1175"]
[PlyCount "59"]
[EventDate "2018.01.27"]
[EventType "swiss"]
[EventRounds "11"]
[EventCountry "TUR"]
[SourceTitle "CBM 182 Extra"]
[Source "ChessBase"]
[SourceDate "2018.02.23"]
[SourceVersion "1"]
[SourceVersionDate "2018.02.23"]
[SourceQuality "1"]

1. e4 e5 2. f4 Nc6 3. Nf3 f6 4. fxe5 fxe5 5. Bc4 Nf6 6. d4 exd4 7. e5 d5 8. Bd3 Ne4 9. 0-0 Bc5 10. a3 0-0 11. b4 Bb6 12. Bb2 Bg4 13. Nbd2 Nxd2 14. Qxd2 Bxf3 15. gxf3 Nxe5 16. f4 Nc4 17. Qc1 Qd6 18. f5 Ne3 19. Rf3 Qd7 20. a4 a6 21. Kh1 Nxf5 22. Qg5 g6 23. a5 Ba7 24. Raf1 Ne3 25. Bxg6 hxg6 26. Qxg6+ Qg7 27. Qe6+ Kh7 28. Rh3+ Qh6 29. Qxh6+ Kg8 30. Qh7# 1-0